| 000 | 00705nam a2200253Ia 4500 | ||
|---|---|---|---|
| 003 | OSt | ||
| 005 | 20221006144001.0 | ||
| 006 | a|||||r|||| 00| 0 | ||
| 007 | ta | ||
| 008 | 221006b |||||||| |||| 00| 0 eng d | ||
| 020 |
_c _17.50 |
||
| 024 | _a10,554 | ||
| 037 | _cTextual | ||
| 040 |
_aEASL _cEASL _beng |
||
| 041 |
_2eng _aeng |
||
| 082 | _aW4.41.L35, L4 | ||
| 100 |
_aHUANG Pei _9650714 |
||
| 245 | 0 |
_aAutocracy at work _b A study of othe Yung-cheng period, 1723-1735 |
|
| 260 |
_aBloomington _bIndiana University Press _c1974 |
||
| 300 |
_a500p. _ccm. |
||
| 490 |
_v CEL _aEast Asian Studies |
||
| 942 |
_hW4.41.L35, L4 _cTEXL _2CC |
||
| 999 |
_c1078640 _d1078640 |
||